[Event "BAN-chT 1st League"]
[Site "Dhaka"]
[Date "2021.02.25"]
[Round "1.1"]
[White "Parvej, Nahid Sagar"]
[Black "Wajiul, Mehdi"]
[Result "1-0"]
[WhiteElo "1985"]
[BlackElo "1809"]
[PlyCount "70"]
[EventDate "2021.02.25"]
[EventType "team-tourn"]
[EventRounds "11"]
[EventCountry "BAN"]
[SourceTitle "EXT 2022"]
[Source "ChessBase"]
[SourceDate "2021.10.06"]
[SourceVersion "1"]
[SourceVersionDate "2021.10.06"]
[SourceQuality "1"]
[WhiteTeam "Agrani Bank Daba Dal"]
[BlackTeam "Dhaka Knight's CC"]
[WhiteTeamCountry "BAN"]
[BlackTeamCountry "BAN"]

1. e4 d6 2. d4 Nf6 3. Bd3 a6 4. Ne2 g6 5. c3 Bg7 6. Bg5 b5 7. Nd2 Bb7 8. 0-0 0-0 9. f4 c5 10. d5 Ng4 11. Qe1 c4 12. Bb1 Nd7 13. h3 Ngf6 14. Nd4 Nc5 15. Bc2 Nfd7 16. N2f3 Rc8 17. Qh4 f6 18. Bh6 e5 19. dxe6 Nb6 20. Bxg7 Kxg7 21. f5 Rh8 22. Rae1 Nba4 23. Bxa4 bxa4 24. fxg6 hxg6 25. Qg4 Rh5 26. Nf5+ Kh7 27. Ng3 Rh6 28. Nd4 Qe7 29. Re2 Re8 30. Ref2 Rf8 31. Ngf5 gxf5 32. Nxf5 Qc7 33. e7 Rg8 34. Qxg8+ Kxg8 35. e8Q+ Kh7 1-0

[Event "BAN-chB 44th"]
[Site "Dhaka"]
[Date "2018.11.20"]
[Round "9"]
[White "Wajiul, Mehdi"]
[Black "Masum, Hossain"]
[Result "0-1"]
[WhiteElo "1832"]
[BlackElo "2107"]
[PlyCount "112"]
[EventDate "2018.11.13"]
[EventType "swiss"]
[EventRounds "9"]
[EventCountry "BAN"]
[SourceTitle "CBM 187 Extra"]
[Source "ChessBase"]
[SourceDate "2018.11.04"]
[SourceVersion "1"]
[SourceVersionDate "2018.11.04"]
[SourceQuality "1"]

1. e4 c5 2. Nf3 e6 3. d4 cxd4 4. Nxd4 Nf6 5. Nc3 d6 6. Be2 a6 7. a4 Qc7 8. 0-0 b6 9. Bg5 Nbd7 10. Qd2 Bb7 11. Bf3 Rc8 12. Rac1 Be7 13. Rfd1 Ne5 14. Bxf6 Bxf6 15. Ndb5 axb5 16. Nxb5 Qc6 17. Nxd6+ Kf8 18. Nxc8 Bxc8 19. b3 Bb7 20. Qd6+ Qxd6 21. Rxd6 Bc6 22. Rcd1 Ke7 23. Kf1 Rb8 24. c4 Ke8 25. Ke2 Be7 26. R6d2 g5 27. h3 Bb4 28. Rd4 Bc5 29. R4d2 Ke7 30. Ra1 Bb4 31. Rda2 Nd7 32. Ke3 Nc5 33. Rb1 Rd8 34. Rab2 Bc3 35. Ra2 Bd4+ 36. Ke2 Bxe4 37. Rd1 Bxf3+ 38. gxf3 Nxb3 39. Ra3 Na5 40. Rad3 e5 41. Rc1 Rc8 42. h4 h6 43. Rdd1 Nxc4 44. hxg5 hxg5 45. Rc2 Ke6 46. Rg1 f6 47. Rgc1 Kd5 48. Kd3 Nb2+ 49. Ke2 Rxc2+ 50. Rxc2 Nxa4 51. Rc8 b5 52. Rf8 b4 53. Rxf6 b3 54. Kd2 Nb6 55. Rf5 Nc4+ 56. Kc1 b2+ 0-1